00447nam a2200109Ia 4500008004100000100002400041245014200065260003000207300001800237650001400255856006800269160712s9999 xx 000 0 und d aSingzon, Pamela D.  cPamela D. Singzon, Felicitas E. PadoaUsing Story Reading and Explicit Instruction in the Vocabulary Acquisition of Kindergarten Children c2011bEducation Quarterly avol. 69 no. 1 xEDUCATION uhttp://journals.upd.edu.ph/index.php/edq/article/view/2902/2677